[Event "Mittelfranken-chTB2a 1112"]
[Site "Germany"]
[Date "2012.02.05"]
[Round "6.5"]
[White "Thuerauf, Peter"]
[Black "Sommer, Dieter"]
[Result "1/2-1/2"]
[WhiteElo "1826"]
[BlackElo "1696"]
[PlyCount "47"]
[EventDate "2011.09.25"]
[EventType "team-tourn"]
[EventRounds "9"]
[EventCountry "GER"]
[SourceTitle "EXT 2013"]
[Source "ChessBase"]
[SourceDate "2012.11.22"]
[SourceVersion "1"]
[SourceVersionDate "2012.11.22"]
[SourceQuality "1"]
[WhiteTeam "Nuernberg Sued SW III"]
[BlackTeam "Ansbach"]
[WhiteTeamCountry "GER"]
[BlackTeamCountry "GER"]

1. d4 e6 2. c4 c5 3. d5 exd5 4. cxd5 d6 5. e4 Nf6 6. Nc3 g6 7. Nf3 Bg7 8. Bb5+ Bd7 9. Bxd7+ Nbxd7 10. 0-0 0-0 11. Re1 Re8 12. h3 a6 13. a4 Qb6 14. Qc2 Ne5 15. Nxe5 Rxe5 16. f4 Re7 17. Bd2 Rae8 18. Kh2 Nd7 19. Re2 Bd4 20. Rae1 Nf6 21. Bc1 Qb4 22. Bd2 Qb6 23. Bc1 Qb4 24. Bd2 1/2-1/2

[Event "Mittelfranken-chTB2a 1011"]
[Site "Germany"]
[Date "2010.11.21"]
[Round "3.6"]
[White "Sommer, Dieter"]
[Black "Anskat, Michael"]
[Result "1-0"]
[WhiteElo "1693"]
[BlackElo "1587"]
[PlyCount "101"]
[EventDate "2010.09.26"]
[EventType "team-tourn"]
[EventRounds "9"]
[EventCountry "GER"]
[SourceTitle "EXT 2012"]
[Source "ChessBase"]
[SourceDate "2011.11.24"]
[SourceVersion "1"]
[SourceVersionDate "2011.11.24"]
[SourceQuality "1"]
[WhiteTeam "Ansbach"]
[BlackTeam "Wilhermsdorf/Langenzenn"]
[WhiteTeamCountry "GER"]
[BlackTeamCountry "GER"]

1. Nf3 Nc6 2. d4 d5 3. c4 e6 4. Nc3 Nf6 5. Bg5 Be7 6. e3 0-0 7. Be2 dxc4 8. Bxc4 b6 9. 0-0 Bb7 10. a3 Re8 11. Rc1 Rc8 12. b4 a6 13. Qc2 Nb8 14. Be2 Nbd7 15. Rfd1 Nd5 16. Nxd5 Bxd5 17. Bf4 Bd6 18. Bxd6 cxd6 19. Qxc8 Qxc8 20. Rxc8 Rxc8 21. Bxa6 Rc3 22. Ra1 Nf6 23. Ne1 Ne4 24. Nd3 Nd2 25. Rc1 Rxc1+ 26. Nxc1 Nb1 27. a4 Nc3 28. a5 bxa5 29. bxa5 Kf8 30. f3 Ke8 31. Bd3 h6 32. e4 Bc6 33. Kf1 Kd8 34. Ke1 Kc7 35. Kd2 Nb5 36. Bxb5 Bxb5 37. g3 Kb7 38. Kc3 Ka6 39. Kb4 g5 40. f4 f6 41. e5 dxe5 42. fxe5 fxe5 43. dxe5 Bf1 44. Nb3 Bh3 45. Nc5+ Ka7 46. Kb5 h5 47. Kc6 h4 48. Kd6 hxg3 49. hxg3 Bg4 50. Nxe6 Ka6 51. Nxg5 1-0

[Event "Mittelfrankenliga-B2b 0506"]
[Site "Germany"]
[Date "2006.01.15"]
[Round "4.5"]
[White "Jaeger, Peter"]
[Black "Sommer, Dieter"]
[Result "1/2-1/2"]
[WhiteElo "1799"]
[BlackElo "1719"]
[PlyCount "79"]
[EventDate "2005.10.16"]
[EventType "team"]
[EventRounds "9"]
[EventCountry "GER"]
[SourceTitle "EXT 2007"]
[Source "ChessBase"]
[SourceDate "2006.11.23"]
[SourceVersion "1"]
[SourceVersionDate "2006.11.23"]
[SourceQuality "1"]

1. d4 e6 2. Bf4 c5 3. e3 d5 4. c3 Nf6 5. Bd3 Bd6 6. Bg5 h6 7. Bh4 0-0 8. Nd2 cxd4 9. exd4 Nbd7 10. Ne2 Qc7 11. h3 a6 12. 0-0 b5 13. Rc1 Bb7 14. Bb1 Ne4 15. f3 Nxd2 16. Qxd2 f5 17. Rce1 Rae8 18. g4 Rf7 19. g5 hxg5 20. Bxg5 Nf6 21. Nf4 Bxf4 22. Bxf4 Qd8 23. Re2 Nh5 24. Bg5 Qd6 25. Re5 Bc6 26. Qf2 b4 27. Qh4 g6 28. Bd2 bxc3 29. bxc3 Qe7 30. Bg5 Qa3 31. Qe1 Bd7 32. Qd2 Rb8 33. Rfe1 Qb2 34. Qe3 Rc8 35. Rxe6 Bxe6 36. Qxe6 Qxc3 37. Qxg6+ Ng7 38. Kf2 Qxd4+ 39. Be3 Qb2+ 40. Kg3 1/2-1/2

[Event "Mittelfranken-ch QT 49th"]
[Site "Ansbach"]
[Date "2000.??.??"]
[Round "5"]
[White "Sommer, Dieter"]
[Black "Herbst, Thomas"]
[Result "0-1"]
[WhiteElo "1733"]
[BlackElo "1940"]
[PlyCount "80"]
[EventDate "2000.04.19"]
[EventType "swiss"]
[EventRounds "7"]
[EventCountry "GER"]
[SourceTitle "EXT 2015"]
[Source "ChessBase"]
[SourceDate "2014.11.20"]
[SourceVersion "1"]
[SourceVersionDate "2014.11.20"]
[SourceQuality "1"]

1. d4 Nf6 2. c4 g6 3. Nc3 Bg7 4. e4 d6 5. Nf3 0-0 6. Be2 e5 7. d5 a5 8. 0-0 Na6 9. Bg5 h6 10. Bxf6 Qxf6 11. Re1 h5 12. Qd2 Re8 13. Nb5 b6 14. Qg5 Qf4 15. Bd3 Bg4 16. Qxf4 exf4 17. Nfd4 Bd7 18. Re2 Re7 19. Rae1 Rae8 20. f3 Be5 21. a3 Kg7 22. Kf1 Kf6 23. h4 Rg8 24. Kf2 Ree8 25. Rh1 Bxd4+ 26. Nxd4 Ke5 27. Nb3 Rb8 28. Rc1 Nc5 29. Nxc5 bxc5 30. Rb1 Rb6 31. b3 Rgb8 32. Reb2 a4 33. Bc2 axb3 34. Rxb3 Rxb3 35. Rxb3 Rxb3 36. Bxb3 Kd4 37. a4 Kc3 38. a5 Kxb3 39. a6 Bc8 40. a7 Bb7 0-1

[Event "Mittelfranken-ch QT 49th"]
[Site "Ansbach"]
[Date "2000.??.??"]
[Round "2"]
[White "Sommer, Dieter"]
[Black "Stuermer, Martin"]
[Result "0-1"]
[WhiteElo "1733"]
[BlackElo "1887"]
[PlyCount "96"]
[EventDate "2000.04.19"]
[EventType "swiss"]
[EventRounds "7"]
[EventCountry "GER"]
[SourceTitle "EXT 2015"]
[Source "ChessBase"]
[SourceDate "2014.11.20"]
[SourceVersion "1"]
[SourceVersionDate "2014.11.20"]
[SourceQuality "1"]

1. d4 Nf6 2. c4 e6 3. Nc3 d5 4. Bg5 Be7 5. e3 Nbd7 6. Nf3 0-0 7. Bd3 c6 8. 0-0 dxc4 9. Bxc4 Nd5 10. Bxe7 Qxe7 11. Rc1 Nxc3 12. Rxc3 e5 13. dxe5 Nxe5 14. Nxe5 Qxe5 15. Qb3 Qe7 16. Rd1 Bf5 17. Bd3 Be6 18. Bc4 Rad8 19. Rcd3 Rxd3 20. Qxd3 Bxc4 21. Qxc4 Rd8 22. Qb3 c5 23. g3 Rxd1+ 24. Qxd1 b5 25. Qd5 g6 26. Qc6 b4 27. b3 Kg7 28. h4 Qe5 29. Kg2 h5 30. Qb7 a5 31. Qb6 Qe4+ 32. Kh2 Qc2 33. Kg2 Qxa2 34. Qxc5 Qxb3 35. Qe5+ Kh7 36. Qxa5 Qc4 37. Qa4 Qd5+ 38. Kh2 b3 39. Qa3 Qc4 40. Kg2 Qe4+ 41. Kh2 Qc2 42. Kg2 b2 43. Qa2 Qe4+ 44. Kh2 Qb7 45. Qb1 Qb4 46. Kg2 Qc3 47. Qa2 Kg7 48. Kf3 Qc1 0-1